All Municipalities of Finland on a Map - Statistics

General Stats
  • This quiz has been taken 35 times
  • The average score is 70 of 342
Answers on the Map
Answers color-coded by a green-red scale on the quiz's map according to % correct below.
 
Answer Stats
Region Answer % Correct
Uusimaa Helsinki
100%
Uusimaa Vantaa
96%
Uusimaa Espoo
92%
North Ostrobothnia Oulu
88%
Southwest Finland Turku
88%
Pirkanmaa Tampere
81%
Päijät-Häme Lahti
73%
Lapland Rovaniemi
73%
Satakunta Pori
69%
Lapland Inari
62%
North Savo Kuopio
62%
Satakunta Rauma
62%
Ostrobothnia Vaasa
62%
Kanta-Häme Hämeenlinna
58%
Kymenlaakso Kotka
54%
North Ostrobothnia Kuusamo
54%
Southwest Finland Salo
54%
Central Finland Jyväskylä
50%
Lapland Kemi
50%
Kymenlaakso Kouvola
50%
Lapland Utsjoki
50%
Uusimaa Kerava
46%
Åland Mariehamn
46%
Uusimaa Porvoo
46%
Lapland Tornio
46%
North Ostrobothnia Ii
42%
Uusimaa Järvenpää
42%
North Karelia Joensuu
42%
Kainuu Kajaani
42%
Uusimaa Kauniainen
42%
South Karelia Lappeenranta
42%
South Savo Mikkeli
42%
Southwest Finland Naantali
42%
South Ostrobothnia Seinäjoki
42%
Lapland Sodankylä
42%
Uusimaa Hanko
38%
South Karelia Imatra
38%
Lapland Kittilä
38%
Central Ostrobothnia Kokkola
38%
Uusimaa Lohja
38%
Pirkanmaa Nokia
38%
South Savo Savonlinna
38%
Uusimaa Sipoo
38%
Kymenlaakso Hamina
35%
Uusimaa Hyvinkää
35%
Kanta-Häme Riihimäki
35%
Kanta-Häme Forssa
31%
Southwest Finland Kaarina
31%
Lapland Kemijärvi
31%
Uusimaa Kirkkonummi
31%
Kainuu Kuhmo
31%
Southwest Finland Lieto
31%
Uusimaa Nurmijärvi
31%
Uusimaa Tuusula
31%
Uusimaa Vihti
31%
Southwest Finland Aura
27%
Päijät-Häme Hollola
27%
North Savo Iisalmi
27%
Central Finland Jämsä
27%
Uusimaa Karkkila
27%
North Karelia Kitee
27%
Lapland Kolari
27%
Pirkanmaa Lempäälä
27%
North Karelia Lieksa
27%
Uusimaa Loviisa
27%
Päijät-Häme Orimattila
27%
Ostrobothnia Pietarsaari
27%
Pirkanmaa Pirkkala
27%
North Ostrobothnia Raahe
27%
Southwest Finland Raisio
27%
Lapland Salla
27%
Southwest Finland Uusikaupunki
27%
North Savo Varkaus
27%
North Ostrobothnia Ylivieska
27%
Central Finland Äänekoski
23%
Åland Eckerö
23%
Lapland Enontekiö
23%
Satakunta Eura
23%
North Ostrobothnia Haapajärvi
23%
North Ostrobothnia Haapavesi
23%
Central Ostrobothnia Halsua
23%
Päijät-Häme Hartola
23%
Päijät-Häme Heinola
23%
North Ostrobothnia Kalajoki
23%
Pirkanmaa Kangasala
23%
Ostrobothnia Kaskinen
23%
Southwest Finland Laitila
23%
Uusimaa Mäntsälä
23%
Pirkanmaa Mänttä-Vilppula
23%
Lapland Muonio
23%
Ostrobothnia Mustasaari
23%
Ostrobothnia Närpiö
23%
North Karelia Nurmes
23%
Pirkanmaa Orivesi
23%
Päijät-Häme Padasjoki
23%
Lapland Pello
23%
Kymenlaakso Pyhtää
23%
Uusimaa Raasepori
23%
Päijät-Häme Sysmä
23%
North Ostrobothnia Taivalkoski
23%
Central Ostrobothnia Toholampi
23%
Kymenlaakso Virolahti
23%
Pirkanmaa Ylöjärvi
23%
Pirkanmaa Akaa
19%
North Ostrobothnia Alavieska
19%
Satakunta Eurajoki
19%
North Ostrobothnia Hailuoto
19%
Kanta-Häme Hattula
19%
South Savo Heinävesi
19%
Kanta-Häme Humppila
19%
North Karelia Ilomantsi
19%
Pirkanmaa Juupajoki
19%
Central Ostrobothnia Kannus
19%
South Ostrobothnia Kauhajoki
19%
South Ostrobothnia Kauhava
19%
Lapland Keminmaa
19%
Southwest Finland Kemiönsaari
19%
North Ostrobothnia Kempele
19%
Ostrobothnia Kristiinankaupunki
19%
Southwest Finland Kustavi
19%
Ostrobothnia Laihia
19%
South Ostrobothnia Lappajärvi
19%
South Ostrobothnia Lapua
19%
Central Finland Laukaa
19%
Central Ostrobothnia Lestijärvi
19%
North Ostrobothnia Liminka
19%
Southwest Finland Loimaa
19%
Southwest Finland Masku
19%
Satakunta Merikarvia
19%
Southwest Finland Mynämäki
19%
North Ostrobothnia Nivala
19%
North Ostrobothnia Oulainen
19%
Southwest Finland Paimio
19%
Pirkanmaa Parkano
19%
Central Finland Pihtipudas
19%
North Ostrobothnia Pudasjärvi
19%
North Savo Rautavaara
19%
Southwest Finland Rusko
19%
Pirkanmaa Sastamala
19%
Southwest Finland Sauvo
19%
North Savo Siilinjärvi
19%
Kainuu Sotkamo
19%
Kainuu Suomussalmi
19%
Satakunta Ulvila
19%
Pirkanmaa Urjala
19%
Ostrobothnia Uusikaarlepyy
19%
Lapland Ylitornio
19%
South Ostrobothnia Ähtäri
15%
South Ostrobothnia Alajärvi
15%
South Ostrobothnia Alavus
15%
Päijät-Häme Asikkala
15%
Åland Brändö
15%
Åland Finnström
15%
Åland Föglö
15%
Pirkanmaa Hämeenkyrö
15%
Central Finland Hankasalmi
15%
Satakunta Huittinen
15%
South Ostrobothnia Ilmajoki
15%
Uusimaa Inkoo
15%
Ostrobothnia Isokyrö
15%
South Ostrobothnia Jalasjärvi
15%
Kanta-Häme Jokioinen
15%
Åland Jomala
15%
Central Finland Joutsa
15%
North Karelia Juuka
15%
South Savo Juva
15%
North Savo Kaavi
15%
Satakunta Karvia
15%
Central Ostrobothnia Kaustinen
15%
Åland Kökar
15%
Ostrobothnia Korsnäs
15%
Central Finland Kuhmoinen
15%
Åland Kumlinge
15%
South Ostrobothnia Kuortane
15%
Central Finland Kyyjärvi
15%
Uusimaa Lapinjärvi
15%
South Karelia Lemi
15%
North Karelia Liperi
15%
Central Finland Luhanka
15%
Ostrobothnia Maalahti
15%
Central Finland Muurame
15%
Satakunta Nakkila
15%
Southwest Finland Nousiainen
15%
Ostrobothnia Oravainen
15%
Southwest Finland Oripää
15%
Ostrobothnia Pedersöre
15%
Central Ostrobothnia Perho
15%
Central Finland Petäjävesi
15%
Uusimaa Pornainen
15%
Southwest Finland Pöytyä
15%
Kainuu Puolanka
15%
North Ostrobothnia Pyhäjoki
15%
Southwest Finland Pyhäranta
15%
North Karelia Rääkkylä
15%
South Savo Rantasalmi
15%
Lapland Ranua
15%
North Savo Rautalampi
15%
North Ostrobothnia Reisjärvi
15%
Central Finland Saarijärvi
15%
Satakunta Säkylä
15%
North Ostrobothnia Sievi
15%
North Ostrobothnia Siikajoki
15%
Uusimaa Siuntio
15%
Southwest Finland Somero
15%
Åland Sottunga
15%
North Savo Tervo
15%
Lapland Tervola
15%
North Karelia Tohmajärvi
15%
Central Finland Uurainen
15%
Pirkanmaa Valkeakoski
15%
Åland Vårdö
15%
Southwest Finland Vehmaa
15%
Pirkanmaa Vesilahti
15%
Central Ostrobothnia Veteli
15%
South Ostrobothnia Vimpeli
15%
Pirkanmaa Virrat
15%
Kanta-Häme Ypäjä
15%
Päijät-Häme Artjärvi
12%
Uusimaa Askola
12%
South Savo Enonkoski
12%
South Ostrobothnia Evijärvi
12%
Åland Geta
12%
Päijät-Häme Hämeenkoski
12%
Åland Hammarland
12%
Satakunta Harjavalta
12%
Kanta-Häme Hausjärvi
12%
Satakunta Honkajoki
12%
Kainuu Hyrynsalmi
12%
Kymenlaakso Iitti
12%
Pirkanmaa Ikaalinen
12%
Satakunta Jämijärvi
12%
South Savo Joroinen
12%
North Savo Juankoski
12%
South Savo Kangasniemi
12%
Satakunta Kankaanpää
12%
Central Finland Kannonkoski
12%
South Ostrobothnia Karijoki
12%
Päijät-Häme Kärkölä
12%
Central Finland Karstula
12%
North Savo Keitele
12%
Central Finland Kinnula
12%
Central Finland Kivijärvi
12%
North Karelia Kontiolahti
12%
Ostrobothnia Kruunupyy
12%
South Ostrobothnia Kurikka
12%
North Savo Lapinlahti
12%
Satakunta Lavia
12%
Åland Lemland
12%
Åland Lumparland
12%
Ostrobothnia Luoto
12%
Satakunta Luvia
12%
South Savo Mäntyharju
12%
North Ostrobothnia Merijärvi
12%
North Ostrobothnia Muhos
12%
Central Finland Multia
12%
Uusimaa Myrskylä
12%
Päijät-Häme Nastola
12%
Uusimaa Nummi-Pusula
12%
North Ostrobothnia Oulunsalo
12%
Kainuu Paltamo
12%
South Karelia Parikkala
12%
Lapland Pelkosenniemi
12%
South Savo Pertunmaa
12%
South Savo Pieksämäki
12%
North Savo Pielavesi
12%
Lapland Posio
12%
Uusimaa Pukkila
12%
Pirkanmaa Punkalaidun
12%
South Savo Puumala
12%
North Ostrobothnia Pyhäjärvi
12%
South Karelia Rautjärvi
12%
Kainuu Ristijärvi
12%
Pirkanmaa Ruovesi
12%
Åland Saltvik
12%
Lapland Savukoski
12%
North Ostrobothnia Siikalatva
12%
Lapland Simo
12%
South Ostrobothnia Soini
12%
Åland Sund
12%
South Karelia Suomenniemi
12%
South Karelia Taipalsaari
12%
Southwest Finland Taivassalo
12%
Kanta-Häme Tammela
12%
South Ostrobothnia Teuva
12%
South Ostrobothnia Töysä
12%
North Ostrobothnia Tyrnävä
12%
North Ostrobothnia Utajärvi
12%
Kainuu Vaala
12%
Ostrobothnia Vähäkyrö
12%
North Savo Vesanto
12%
Central Finland Viitasaari
12%
North Ostrobothnia Yli-Ii
12%
North Ostrobothnia Haukipudas
8%
South Savo Hirvensalmi
8%
South Ostrobothnia Isojoki
8%
Kanta-Häme Janakkala
8%
Uusimaa Karjalohja
8%
North Ostrobothnia Kärsämäki
8%
North Karelia Kesälahti
8%
Pirkanmaa Kihniö
8%
Satakunta Kiikoinen
8%
Satakunta Kokemäki
8%
Central Finland Konnevesi
8%
Southwest Finland Koski Tl
8%
Pirkanmaa Kuhmalahti
8%
Central Finland Kuivaniemi
8%
North Savo Leppävirta
8%
Kanta-Häme Loppi
8%
North Ostrobothnia Lumijoki
8%
South Karelia Luumäki
8%
Southwest Finland Marttila
8%
Kymenlaakso Miehikkälä
8%
North Karelia Outokumpu
8%
Pirkanmaa Pälkäne
8%
North Karelia Polvijärvi
8%
Satakunta Pomarkku
8%
North Ostrobothnia Pyhäntä
8%
South Karelia Ruokolahti
8%
South Karelia Savitaipale
8%
North Savo Sonkajärvi
8%
North Savo Suonenjoki
8%
Central Finland Toivakka
8%
North Savo Tuusniemi
8%
North Karelia Valtimo
8%
North Savo Varpaisjärvi
8%
North Savo Vieremä
8%
Ostrobothnia Vöyri-Maksamaa
8%
North Savo Karttula
4%
South Savo Kerimäki
4%
North Savo Kiuruvesi
4%
Satakunta Köyliö
4%
Pirkanmaa Kylmäkoski
4%
Southwest Finland Länsi-Turunmaa
4%
North Savo Maaninka
4%
North Savo Nilsiä
4%
South Savo Punkaharju
4%
South Savo Ristiina
4%
Satakunta Siikainen
4%
South Savo Sulkava
4%
Southwest Finland Tarvasjoki
4%
North Ostrobothnia Vihanti
4%
North Ostrobothnia Kiiminki
0%
No matching quizzes found
Score Distribution
Percent of People with Each Score
Percentile by Number Answered
Your Score History
You have not taken this quiz